City of Warrnambool urban renewal proposal /

Saved in:
Bibliographic Details
Corporate Author: City of Warrnambool Urban Renewal Liaison Committee
Format: Book
Language:English
Published: [s.l. : s.n.], 1979.
Subjects:
LEADER 01101nam a2200277 i 4500
001 c000001228
003 CARM
005 00000000000000.0
008 810529s1979 at b 00000 eng d
019 1 |a 2565714  |5 LACONCORD2021 
035 |a (OCoLC)220269800  |5 LACONCORD2021 
040 |d VCAV 
042 |a anuc 
043 |a u-at-vi 
110 2 0 |a City of Warrnambool Urban Renewal Liaison Committee. 
245 1 0 |a City of Warrnambool urban renewal proposal /  |c [City of Warrnambool Urban Renewal Liaison Committee] 
260 |a [s.l. :  |b s.n.],  |c 1979. 
300 |a 13 p. :  |b maps ;  |c 30 cm. 
500 |a Cover title. 
500 |a Caption title: Urban renewal proposal Warrnambool central business area. 
650 0 |a Urban renewal  |z Victoria  |z Warrnambool. 
740 0 0 |a Urban renewal proposal Warrnambool central business area. 
852 8 |b CARM  |h A3:AB15D0  |i D00911  |p 0044849  |f BK 
082 0 4 |a 711.4/099457  |2 19 
999 f f |i f85737ca-52b4-5896-aec2-5a89334d3b6c  |s 024f4a15-5d63-5cf8-8701-9b73927ebb1f 
952 f f |p Can circulate  |a CAVAL  |b CAVAL  |c CAVAL  |d CARM 1 Store  |e D00911  |f A3:AB15D0  |h Other scheme  |i book  |m 0044849